000 00303nam a22001457a 4500
003 SGT
020 _a9788126564125
082 _a658.15
_bBUT
100 _aBUTLER, KIRTI C.
245 _aMULTINATIONAL FINANCE
250 _a6TH
260 _bWILLEY PUBLISHER
_c2017
300 _a558
942 _2ddc
_cBK
999 _c15721
_d15721